Lifestyle Diseases in India and Nigeria: A Cross-Cultural Study of Illness Attribution, Quality of Life and Coping Mechanisms (Record no. 1850106)

MARC details
000 -LEADER
fixed length control field 00725nam a2200241Ia 4500
005 - DATE AND TIME OF LATEST TRANSACTION
control field 20260430150553.0
008 - FIXED-LENGTH DATA ELEMENTS--GENERAL INFORMATION
fixed length control field 008 250103s9999 xx 000 0 eng d
037 ## - SOURCE OF ACQUISITION
Stock number Theses
040 ## - CATALOGING SOURCE
Original cataloging agency CRL
040 ## - CATALOGING SOURCE
Language of cataloging eng
040 ## - CATALOGING SOURCE
Transcribing agency eng
041 ## - LANGUAGE CODE
Source of code eng
041 ## - LANGUAGE CODE
Language code of text/sound track or separate title eng
084 ## - COLON CLASSIFICATION NUMBER
Assigning agency CRL
100 ## - MAIN ENTRY--PERSONAL NAME
Personal name Komolafe Adedolapo Au.; Kaushik Archana Gu.; Bhardwaj Tushti Gu.
9 (RLIN) 1237885
245 #0 - TITLE STATEMENT
Title Lifestyle Diseases in India and Nigeria: A Cross-Cultural Study of Illness Attribution, Quality of Life and Coping Mechanisms
260 ## - PUBLICATION, DISTRIBUTION, ETC.
Date of publication, distribution, etc. 2024
300 ## - PHYSICAL DESCRIPTION
Extent 204p.
650 ## - SUBJECT ADDED ENTRY--TOPICAL TERM
Topical term or geographic name entry element Social Work
700 ## - ADDED ENTRY--PERSONAL NAME
Personal name University of Delhi. Faculty of Social Sciences. Deptt. of Social Work
942 ## - ADDED ENTRY ELEMENTS (KOHA)
Koha item type Thesis
Holdings
Withdrawn status Lost status Damaged status Not for loan Home library Current library Date acquired Total Checkouts Barcode Date last seen Price effective from Koha item type
        Central Library Central Library 2026-04-30   TH0027782 2026-04-30 2026-04-30 Thesis
Copyright @ Delhi University Library System